000
00271nam a2200121Ia 4500
082
_a
615.191
_b
P13J
100
_a
JAIN, U. K.
245
_a
PHARMACEUTICAL PACKAGING TECHNOLOGY
260
_b
PHARMA MED PRESS
300
_a
290
650
_a
PHARMACEUTICS
942
_2
ddc
_c
BK
999
_c
7243
_d
7243